000 00605nam a2200169 i 4500
001 73921
003 ES-MaACL
005 20230906171947.0
007 t|
008 040913s1944 mx ||||1| spa d
100 1 _aGonzaga Menger, María.
_958264
245 1 0 _aFray José de Sigüenza
_b: poeta e historiador, 1544-1606 : ensayo crítico /
_cMaría Gonzaga Menger ; versión española y prólogo de Gabriel Méndez Plancarte.
260 _aMéxico :
_bAbside,
_c1944 (
_fImp. Sag)
300 _a47 p. ;
_c23 cm.
700 1 _aMéndez Plancarte, Gabriel.
_980171
852 _aES-MaACL
_j1883-F-12
_bR.25818
999 _c73921
_d73921